El Mercado y el problema del desarrollo
Se ocupa de las relaciones entre el mercado y desarrollo, destacando los principales problemas que se suscitan en los países en desarrollo ante la la indivisibilidad y el crecimiento en que solo participa una parte de la población. Se busca la forma de superar estos problemas a través de todo un aná...
Bewaard in:
| Hoofdauteur: | |
|---|---|
| Formaat: | Texto |
| Gepubliceerd in: |
Washington, D.C.:
OEA
|
| Onderwerpen: | |
| Tags: |
Voeg label toe
Geen labels, Wees de eerste die dit record labelt!
|
MARC
| LEADER | 00000 a a2200000 04500 | ||
|---|---|---|---|
| 001 | 12357 | ||
| 003 | |||
| 040 | |||
| 090 | |a 028400 | ||
| 100 | |a Magalhes, Joao Paulo de Almeida | ||
| 245 | |a El Mercado y el problema del desarrollo | ||
| 260 | |a Washington, D.C.: |b OEA | ||
| 300 | |a 100 p. | ||
| 520 | |a Se ocupa de las relaciones entre el mercado y desarrollo, destacando los principales problemas que se suscitan en los países en desarrollo ante la la indivisibilidad y el crecimiento en que solo participa una parte de la población. Se busca la forma de superar estos problemas a través de todo un análisis del mercado y del proceso de sustitución de las importaciones en las naciones tercermundistas. OB/EL | ||
| 650 | |a MERCADO | ||
| 650 | |a PAISES EN DESARROLLO | ||
| 650 | |a DESARROLLO ECONOMICO | ||
| 650 | |a PAISES DESARROLLADOS | ||
| 650 | |a EXPORTACIONES | ||
| 650 | |a IMPORTACIONES | ||
| 999 | |c 9400 |d 9400 | ||
